000 00398nam a2200157Ia 4500
008 240729s9999 xx 000 0 und d
022 _a1869-6104
245 0 _aGroups, Complexity, Cryptology
260 _aFrance
260 _bEpisciences
650 _a Mathematics
650 _aScience
856 _uhttps://doaj.org/toc/3c4821b72c4749c4abb4bf3c68da69a4
942 _2ddc
942 _cDOAJEJ
999 _c68674
_d68674
945 _a1
_bMadushi Gamage
_c1
_dMadushi Gamage